00930nam a2200229 i 4500001000400000245007800004260007000082300005600152501011200208505005000320650003600370710003000406020001500436040000800451041000800459920001800467942000700485008004100492999001700533856009800550952005200648bgj00aThe World Book Encyclopedia.nVol. 7,pF /cpublished by World Book, Inc. aChicago :bWorld Book - Childcraft International, Inc.,cc. 1980. a518 pp. :bill., maps, tables (some col.) ;c26 cm. aAn encyclopedia designed especially to meet the needs of elementary, junior high, and high school students. aIncludes Research Guide and Index in vol. 22. 9aEncyclopedies and |dictionariesp0aWorld Book, Inc.aChicago a0716600803 cBPK0 aeng a0-7166-0080-3 cKS s uk f |000 0 eng  c41437d41437 uhttp://koha.tu.koszalin.pl/cgi-bin/koha/opac-detail.pl?biblionumber=41437yKatalog online BPK 00104070aBPKbBPKckwoKA 2531p09056169yKS